Teória automatického riadenia. (Návody na cvičenia)

Bibliographic Details
Main Author: Petráš, Ivo, 1973- (Author)
Format: Book
Language:Slovak
PhysicalDescription:ii, 52 s. sch., tab. 30 cm
Published: Košice Elfa 2001
ISBN:808896482X
Subjects:

MARC

LEADER 00000nam a2200000 a 4500
001 vtls001426745
003 SK-MaSNL
005 20260301202620.0
008 240318s2001 xo ap r yy slo
015 |a SNBA2002/05-01875 
020 |a 808896482X 
035 |a SNK000381701 
035 |a urn:nbn:sk:snk-amyar7 
035 |a urn:nbn:sk:snk-am00c76e 
035 |a 47308558-DC59-48D0-9FAC-AD3C72649E81 
040 |a SNK  |b slo  |c SNK  |e AACR2 
041 0 |a slo 
044 |a xo  |c SK 
080 |a 519.6:681.5.01(075.8)(076.5)  |2 1981 
100 1 |a Petráš, Ivo,  |d 1973-  |4 aut  |9 223167 
245 1 0 |a Teória automatického riadenia. (Návody na cvičenia)  |c Ivo Petráš 
260 |a Košice  |b Elfa  |c 2001 
300 |a ii, 52 s.  |b sch., tab.  |c 30 cm 
500 |a 60 výt. 
504 |a Bibliogr. s. 52 
650 0 7 |a automatické riadenie  |2 SNKPH  |9 67900 
650 0 7 |a teória  |2 SNKPH  |9 3883 
655 7 |a učebnice vysokých škôl  |2 SNKPH  |9 70191 
655 7 |a praktické cvičenia  |2 SNKPH  |9 70517 
919 |a 80-88964-82-X 
958 |a TL 
958 |a NB 
958 |a UV 
999 |c 899488  |d 901418 
952 |t P60, <03>, [BOOK], {603}  |a SNK  |b SNK  |y PREZ  |7 0  |p 17A0328303  |o snkSB 64378  |i snkKSP 692/2002  |0 0  |1 0  |4 0  |d 2002-01-17  |f 1  |l 0  |r 2025-04-14 00:00:00  |w 2026-02-24 
952 |t P60, <04>, [BOOK], {604}  |a SNK  |b SNK  |y VYP  |7 0  |p 17A0328304  |o snkSB 64378 D1  |i snkKSP 693/2002  |0 0  |1 0  |4 0  |d 2002-01-17  |l 0  |r 2005-01-02 00:00:00  |w 2026-02-24